Quasi-actions on trees II : finite depth Bass-Serre trees

Αποθηκεύτηκε σε:
Λεπτομέρειες βιβλιογραφικής εγγραφής
Κύριος συγγραφέας: Mosher, Lee 1957-
Άλλοι συγγραφείς: Sageev, Michah 1966-, Whyte, Kevin 1970-
Μορφή: Βιβλίο
Γλώσσα:English
Δημοσίευση: Providence, R.I. : American Mathematical Society, c2011
Σειρά:Memoirs of the American Mathematical Society ; ; 1008
Θέματα:
Ετικέτες: Προσθήκη ετικέτας
Δεν υπάρχουν, Καταχωρήστε ετικέτα πρώτοι!

MARC

LEADER 00000nam a2200000 i 4500
001 1/24833
008 130122s2011 eng d
020 |a 978-0-8218-4712-1 
035 |l 10113534 
040 |a GR-MY-UA  |b gre  |e aacr 
041 0 |a eng 
082 0 |a 512.2  |2 (22) 
100 1 |a Mosher, Lee  |d 1957- 
245 1 0 |a Quasi-actions on trees II :  |b finite depth Bass-Serre trees /  |c Lee Mosher, Michah Sageev, Kevin Whyte 
260 |a Providence, R.I. :   |b American Mathematical Society,   |c c2011 
300 |a v, 105 σ.;  |b εικ.;  |c 26 εκ. 
490 1 |a Memoirs of the American Mathematical Society  |v ; 1008 
504 |a Βιβλιογραφία: σ.101-103. Ευρετήριο 
650 0 0 |a Geometric group theory. 
650 0 0 |a Rigidity (Geometry) 
700 1 |a Sageev, Michah  |d 1966- 
700 1 |a Whyte, Kevin  |d 1970- 
830 0 |a Memoirs of the American Mathematical Society ;  |v ; 1008 
852 |a INST  |b SAMOS  |e 20130122  |h 512.2 MOS  |p 005300033561  |q 005300033561  |t BK  |y 0 
901 |a BIBL3-2013-1 
909 |a Σ  |b 177602 
922 |a 3ΕΛΗ  |b 201210  |c ΤΜΗΜΑ ΜΑΘΗΜΑΤΙΚΩΝ  |d BEST BOOK HUNTERS 
970 |a ΚΟΣΙΕΡΗΣ  |b ΧΡΗΣΤΟΣ  |z 2013/01/22